00845nom a22002057a 450000500170000000800410001704100080005808200780006624500780014430000120022230000100023430000140024450001140025865000320037265000380040465000130044294200070045599900170046295201600047920220609142509.0190719b xxu||||| |||| 00| 0 spa d aESP aManiquí de prácticas para reanimación cardiopulmonar de 6 a 9 meses aManiquí de prácticas para reanimación cardiopulmonar de 6 a 9 meses a1.58 Kg b66 cm cMasculino aContiene 2 boquillas y 2 sistemas de vías respiratorias. Se prestan para el mismo día, hasta las 7:50 pm aMODELOS ANATÓMICOS963581 aREANIMACIÓN CARDIOPULMONAR9409 aRCP9412 cMA c12134d12134 00104070l28oManiquí de prácticas para reanimación cardiopulmonar de 6 a 9 mesespACT-7573r2025-08-19 13:02:06s2025-08-19tKevinw2019-07-19yMA